Anthropology through the looking - glass : (Record no. 10264)

MARC details
000 -LEADER
fixed length control field 00602cam a2200193 4500
001 - CONTROL NUMBER
control field 4628
005 - DATE AND TIME OF LATEST TRANSACTION
control field 20250523160625.0
008 - FIXED-LENGTH DATA ELEMENTS--GENERAL INFORMATION
fixed length control field 130204s2013 enkb 000 1 eng
010 ## - LIBRARY OF CONGRESS CONTROL NUMBER
LC control number 2013376193
020 ## - INTERNATIONAL STANDARD BOOK NUMBER
International Standard Book Number 9780521389082
082 ## - DEWEY DECIMAL CLASSIFICATION NUMBER
Edition number 306 HER
100 1# - MAIN ENTRY--PERSONAL NAME
Personal name Herzfeld, Michael.
245 14 - TITLE STATEMENT
Title Anthropology through the looking - glass :
Remainder of title critical ethnography in the margins of Europe /
264 #1 - PRODUCTION, PUBLICATION, DISTRIBUTION, MANUFACTURE, AND COPYRIGHT NOTICE
Place of production, publication, distribution, manufacture Melbourne :
Name of producer, publisher, distributor, manufacturer Cambridege University Press,
Date of production, publication, distribution, manufacture, or copyright notice 1993.
300 ## - PHYSICAL DESCRIPTION
Extent 260 p. :
Other physical details ill. ;
Dimensions 26 cm.
650 #0 - SUBJECT ADDED ENTRY--TOPICAL TERM
Topical term or geographic name entry element Nepali people
Geographic subdivision Foreign countries
Form subdivision Fiction.
651 #0 - SUBJECT ADDED ENTRY--GEOGRAPHIC NAME
Geographic name Nepal
Form subdivision Fiction.
942 ## - ADDED ENTRY ELEMENTS (KOHA)
Source of classification or shelving scheme Dewey Decimal Classification
Koha item type Main
Holdings
Withdrawn status Lost status Source of classification or shelving scheme Damaged status Not for loan Collection code Home library Current library Shelving location Date acquired Inventory number Total Checkouts Total Renewals Full call number Barcode Date last seen Date last checked out Price effective from Koha item type Public note
    Dewey Decimal Classification     Main TEST RTC Library RTC Library Main opac 23/05/2025 19325 1 1 306 HER 30020542 11/08/2025 11/08/2025 23/05/2025 Main Donated by Dr. Dolma.
Royal Thimphu College || All Right Reserved